Tarrekh Tehzeeb-e-Insani (Record no. 12132)
[ view plain ]
| 000 -LEADER | |
|---|---|
| fixed length control field | 00293nam a22001217a 4500 |
| 082 ## - DEWEY DECIMAL CLASSIFICATION NUMBER | |
| Classification number | 938.05 |
| 100 ## - MAIN ENTRY--AUTHOR NAME | |
| Personal name | Sahabzada Muhammad Abdulrasool |
| 245 ## - TITLE STATEMENT | |
| Title | Tarrekh Tehzeeb-e-Insani |
| 260 ## - PUBLICATION, DISTRIBUTION, ETC. (IMPRINT) | |
| Place of publication | Sargodha |
| Name of publisher | University of Sargodha |
| Year of publication | 2009 |
| 300 ## - PHYSICAL DESCRIPTION | |
| Number of Pages | 760 |
| 650 ## - SUBJECT ADDED ENTRY--TOPICAL TERM | |
| Topical Term | English Fiction |
| 942 ## - ADDED ENTRY ELEMENTS (KOHA) | |
| Koha item type | Books |
| Withdrawn status | Lost status | Collection code | Permanent Location | Current Location | Shelving location | Date acquired | Full call number | Accession Number | Koha item type |
|---|---|---|---|---|---|---|---|---|---|
| | | Urdu Literature | Computing and Engineering Library Block-D | Computing and Engineering Library Block-D | Shelf No.A12 | 2020-12-01 | 938.05 | 9356 | Urdu Literature |
| | | Urdu Literature | Computing and Engineering Library Block-D | Computing and Engineering Library Block-D | Shelf No.A12 | 2020-12-01 | 938.05 | 9358 | Urdu Literature |
| | | Urdu Literature | MAJU | MAJU | | 2019-10-30 | 938.05 | 9357 | Urdu Literature |
| | | Urdu Literature | MAJU | MAJU | | 2019-10-30 | 938.05 | 9355 | Urdu Literature |
| | | Urdu Literature | MAJU | MAJU | | 2019-10-30 | 938.05 | 9366 | Urdu Literature |